000 00684nam a2200205Ia 4500
005 20241216011406.0
008 190429s9999||||xx |||||||||||||| ||und||
082 _a370.1523
_bA78
100 _aARTEAGA QUISPE RUBILA LEONIDAS, MALPARTIDA ASIS NILTON DAVID
245 0 _aLA HISTORIA ORAL Y EL APRENDIZAJE SIGNIFICATIVO EN LA INSTITUCION EDUCATIVA CESAR VALLEJO - YANACANCHA
250 _a0
260 _aCERRO DE PASCO-PERU
_bUNDAC
_c2008
300 _a64 pag.
_c30 cm.
341 _h0
490 _v0
_a0
505 _aHISTORIA ORAL/CONSTRUCTIVISMO/TESTIMONIOS/HIPOTESIS/POBLACION
541 _aD
_bARTEAGA QUISPE, R.
_d18-Dec-08
_oSoles
650 _aEducación
942 _cTESIS
999 _c40584
_d40584